Riconosci la Regione - Quiz n°7 - Statistics

Statistiche generali
  • Questo quiz è stato fatto 29 volte
  • Il punteggio medio è 10 su 10
Statistiche sulle risposte
Indizio Risposta % Corretto
Superficie 22 509,67 km²
100%
Popolazione 4 455 188
100%
Numero regioni italiane confinanti 6
96%
Numero province 9
96%
Patrono sant'Apollinare
96%
Presidente Stefano Bonaccini (PD)
96%
PIL (nominale) 157 177 mln €
92%
Rappresentanza parlamentare 29 deputati 22 senatori
92%
Numero comuni 330
92%
Regione Emilia-Romagna
92%
Nessun quiz corrispondente trovato
Distribuzione punteggi
Percentuale di utenti per punteggio
Percentile per numero di risposta
I tuoi punteggi nel tempo
Non hai fatto questo quiz